000
00318nam a22001217a 4500
005
20180828183933.0
008
180828b xxu||||| |||| 00| 0 eng d
022
_a
0974-5572
245
_a
International Journal of Control Theory and Applications
260
_a
Haryana
_b
Serial Publication
300
_a
p57
942
_c
JRL
999
_c
5729
_d
5727